| 000 | 00754cam a2200205 4500 | ||
|---|---|---|---|
| 001 | WB3608-01 | ||
| 008 | 000000n2000 000 0 eng u | ||
| 035 | _a(Sirsi) u104313 | ||
| 245 | _aEgan-style contract to be launched | ||
| 260 | _c2000 | ||
| 490 |
_aBuilding _v265(8124) 18 February 2000, 13(1) |
||
| 520 | _aThe Reading Construction Forum is producing a contract for clients and main contractors which will formalise a partnering agreement. The Egan-style contract will be trialled this year and come into use in 2001. | ||
| 590 | _aWB | ||
| 650 | _aREADING CONSTRUCTION FORUM | ||
| 650 | _aPARTNERING AGREEMENTS | ||
| 650 | _aCLIENTS | ||
| 650 | _aMAIN CONTRACTORS | ||
| 690 | _aBUILT ENVIRONMENT-BUILDING CONTRACT FORMS | ||
| 942 | _n0 | ||
| 999 |
_c62587 _d62587 |
||